000
00317nam a22001457a 4500
008
210322b ||||| |||| 00| 0 eng d
020
_a
9760471148540
041
_a
eng
080
_2
5th
_a
53
082
_a
53
100
_a
43
101
_a
FIZ
245
_a
Fundamentals of Physics
_c
Halliday, D
942
_2
udc
_c
BK
999
_c
56634
_d
56634